000
00333nam a2200133Ia 4500
008
240624s9999 xx 000 0 und d
041
_a
eng
082
_a
338.9 GAS
100
_a
GASPER DES
245
_a
ETHICS OF DEVELOPMENT
260
_c
2005
_a
New Delhi
_b
Vistaar Publications
300
_a
xix, : 255 : p. : cm. ; 21
365
_c
RS
999
_c
3092
_d
3092